000 00354 a2200169 4500
001 192552
020 _a978-85-08-03795-7
040 _cMagnum
100 _aFrança, Mary
240 1 0 _aQue bicho será ?
_lpor
245 1 0 _aQue bicho será ?
300 _a16
362 0 _a2000
440 1 _aÁtica
697 _aLITERATURA INFANTIL
942 _cBK
999 _c192552
_d192552